000 01330nam a2200241Ia 4500
003 Ost
005 20260507075457.0
008 260507s9999||||xx |||||||||||||| ||und||
020 _a9042379977
040 _cfsecg
041 _aara
082 _a338.4791
100 _aملوخية، احمد فوزي
_eمؤلف
245 0 _aالتنمية السياحية /
_c احمد فوزي ملوخية
260 _aالاسكندرية:
_bدار الفكر الجامعي للنشر,
_c2008
300 _a228 صفحة؛
_bإيضاحات ؛
_c24 سم
504 _aبيبليوغرافيا ص.225
520 _aيتناول هذا الكتاب مايلي التنمية السياحيةبين المفهوم والمجالات ، أهمية التنمية ومراحلها ، التعريف بقطاعات النقل الياحي في اطار التنمية ، أهمية الاعلام السياحي ،التنمية السياحية وحماية البيئة ، تحليل أثار التنمية السياحية الهيكل الاستقبالي لصناعة السياحة في مصر ، تجربة التنمية السياحية في مصر
653 _aاعلام السياحي الاقتصاد السياحي
653 _aتنمية السياحية
653 _aقطاع السياحة
942 _cكتاب
999 _c44678
_d44678